Normal view
MARC view
- Dawson M.; Winterbottom J. & Thomson M
Entry Personal Name
001 - CONTROL NUMBER
- control field: 189596
003 - CONTROL NUMBER IDENTIFIER
- control field: OSt
005 - DATE AND TIME OF LATEST TRANSACTION
- control field: 20230714212533.0
008 - FIXED-LENGTH DATA ELEMENTS
- fixed length control field: 230714|| aca||aabn | a|a d
040 ## - CATALOGING SOURCE
- Original cataloging agency: OSt
- Transcribing agency: OSt
100 ## - HEADING--PERSONAL NAME
- Personal name: Dawson M.; Winterbottom J. & Thomson M
670 ## - SOURCE DATA FOUND
- Source citation: Work cat.: (OSt)192822: Dawson M. 149619, Ip Location :